Panduan al-Quran dan hadith bagi pegawai dan kakitangan perkhidmatan awam / (Record no. 882)

000 -LEADER
fixed length control field nam a22 a 4500
003 - CONTROL NUMBER IDENTIFIER
control field AKMAL
005 - DATE AND TIME OF LATEST TRANSACTION
control field 20170505162209.0
008 - FIXED-LENGTH DATA ELEMENTS--GENERAL INFORMATION
fixed length control field 170505s19961988my e o000 0 may d
020 ## - INTERNATIONAL STANDARD BOOK NUMBER
International Standard Book Number 983042054X (kkt.) :
Terms of availability RM16.00
040 ## - CATALOGING SOURCE
Original cataloging agency AKMAL
082 04 - DEWEY DECIMAL CLASSIFICATION NUMBER
Classification number 297.1228 PAN
090 00 - LOCALLY ASSIGNED LC-TYPE CALL NUMBER (OCLC); LOCAL CALL NUMBER (RLIN)
Classification number (OCLC) (R) ; Classification number, CALL (RLIN) (NR) 297.44
Local cutter number (OCLC) ; Book number/undivided call number, CALL (RLIN) PAN
100 1# - MAIN ENTRY--PERSONAL NAME
Personal name Malaysia,
Dates associated with a name Unit Permodenan Tadbiran dan Perancangan Pengurusan Malaysia
9 (RLIN) 1884
245 10 - TITLE STATEMENT
Title Panduan al-Quran dan hadith bagi pegawai dan kakitangan perkhidmatan awam /
Statement of responsibility, etc. disediakan bersama oleh Unit Permodenan Tadbiran dan Perancangan Pengurusan Malaysia (MAMPU) Jabatan Perdana Menteri dan Bahagian Hal Ehwal Islam (BAHEIS), Jabatan Perdana Menteri
260 ## - PUBLICATION, DISTRIBUTION, ETC.
Place of publication, distribution, etc. Kuala Lumpur :
Name of publisher, distributor, etc. Bahagian Hal Ehwal Islam, Jabatan Perdana Menteri,
Date of publication, distribution, etc. 1988, r 1996
300 ## - PHYSICAL DESCRIPTION
Extent 395ms. ;
Dimensions 23cm.
500 ## - GENERAL NOTE
General note Mengandungi ayat-ayat dari Quran
650 10 - SUBJECT ADDED ENTRY--TOPICAL TERM
Topical term or geographic name entry element Islam
General subdivision Customs and practices
9 (RLIN) 1330
650 20 - SUBJECT ADDED ENTRY--TOPICAL TERM
Topical term or geographic name entry element Civil service
Geographic subdivision Malaysia
9 (RLIN) 420
651 #0 - SUBJECT ADDED ENTRY--GEOGRAPHIC NAME
Geographic name Malaysia
General subdivision Officials and employees
-- Conduct of life
9 (RLIN) 1885
710 2# - ADDED ENTRY--CORPORATE NAME
Corporate name or jurisdiction name as entry element Malaysia.
Subordinate unit Jabatan Perdana Menteri.
-- Bahagian Hal Ehwal Islam
9 (RLIN) 1674
942 ## - ADDED ENTRY ELEMENTS (KOHA)
Source of classification or shelving scheme
Koha item type Book
Holdings
Withdrawn status Lost status Source of classification or shelving scheme Damaged status Not for loan Collection code Home library Current library Shelving location Date acquired Inventory number Total Checkouts Full call number Barcode Date last seen Price effective from Koha item type
          NON-FICTION AKMAL Melaka AKMAL Melaka PINJAMAN 05.05.2017 200172   297.1228 PAN 201701906 05.05.2017 05.05.2017 Book
Pusat Sumber Maklumat Dato' Haji Sarmin Md Hussin, Akademi Kastam Diraja Malaysia, Melaka
Tel: 06-2331106 | Faks: 06-2313787